Normal view
MARC view
- Supervisor : Dr. Sabah Javaid
Entry Personal Name
001 - CONTROL NUMBER
- control field: 128370
003 - CONTROL NUMBER IDENTIFIER
- control field: NUST
005 - DATE AND TIME OF LATEST TRANSACTION
- control field: 20250317095402.0
008 - FIXED-LENGTH DATA ELEMENTS
- fixed length control field: 250317|| aca||aabn | a|a d
040 ## - CATALOGING SOURCE
- Original cataloging agency: NUST
- Transcribing agency: NUST
100 ## - HEADING--PERSONAL NAME
- Personal name: Supervisor : Dr. Sabah Javaid
670 ## - SOURCE DATA FOUND
- Source citation: Work cat.: (NUST): Amir, Abeera 128369, The Impact of Prolonged Screen Time on Retinal Health and Visual Functioning in Young Adults /
